00373nam a2200133Ia 4500008004100000020001800041041000800059082001500067100005400082245003500136250000600171260005200177300001000229210716s2014 xx 000 0 und d a9788131524466 aeng a658.3 DENA aDeNisi, Angelo S;Griffin, Ricky W; Sarkar, Anita. aHR: a South Asian perspective. a1 aNew DelhibCengage Learning India Pvt Ltdc2014 ax,407